[Event "Eisk Azovskie Zori op"]
[Site "Eisk"]
[Date "2011.06.08"]
[Round "4"]
[White "Ermolaev, Pavel"]
[Black "Tischenko, Sergey"]
[Result "0-1"]
[WhiteElo "1664"]
[BlackElo "2111"]
[PlyCount "112"]
[EventDate "2011.06.05"]
[EventType "swiss"]
[EventRounds "9"]
[EventCountry "RUS"]
[SourceTitle "EXT 2012"]
[Source "ChessBase"]
[SourceDate "2011.11.24"]
[SourceVersion "1"]
[SourceVersionDate "2011.11.24"]
[SourceQuality "1"]

1. d4 Nf6 2. Bf4 g6 3. c3 Bg7 4. e3 0-0 5. Bd3 d6 6. Nf3 Nbd7 7. Nbd2 Re8 8. Bc4 e5 9. dxe5 dxe5 10. Bg3 h6 11. Qb3 Qe7 12. 0-0-0 Nc5 13. Qc2 Bf5 14. e4 Nfxe4 15. Nxe4 Nxe4 16. Qe2 Rad8 17. Bb3 Nxg3 18. hxg3 Be6 19. Rhe1 Bxb3 20. axb3 Rxd1+ 21. Rxd1 e4 22. Nd4 a6 23. Nc2 Qe6 24. Qc4 Qxc4 25. bxc4 Re7 26. Rd8+ Kh7 27. Kd2 Bf6 28. Rb8 Rd7+ 29. Ke2 c6 30. Nb4 Kg7 31. Nc2 Bg5 32. Ne3 f5 33. Rc8 h5 34. Rb8 h4 35. gxh4 Bxh4 36. g3 Bg5 37. Re8 Rd8 38. Rxd8 Bxd8 39. Ng2 Bg5 40. Kd1 Kf6 41. Kc2 Ke5 42. b4 Bh6 43. Kd1 g5 44. Ke2 f4 45. gxf4+ gxf4 46. Ne1 f3+ 47. Kd1 Kf4 48. Nc2 Ke5 49. Ne1 b6 50. Nc2 c5 51. Ke1 Bf8 52. Kd2 Be7 53. bxc5 Bxc5 54. Nb4 Bxf2 55. Nxa6 e3+ 56. Kd3 e2 0-1